Sports Quiz

Random Sports or Hockey Quiz

NHL 50+ Goals at Even Strength Quiz Stats

 Plays Quiz not verified by Sporcle

Score 0/10 Timer 01:30
0 Plays Today
Team Player % Correct
EDMWayne Gretzky
99.2%
EDMWayne Gretzky
99.2%
EDMWayne Gretzky
99.2%
STLBrett Hull
98.4%
EDMJari Kurri
96.1%
BOSPhil Esposito
93%
BOSPhil Esposito
93%
WINTeemu Selanne
92.2%
MTLSteve Shutt
71.9%
PHIReggie Leach
68%

You're not logged in!

Compare scores with friends on all Sporcle quizzes.
OR
Log In

Show Comments

Extras

Top Quizzes Today


Score Distribution

Your Account Isn't Verified!

In order to create a playlist on Sporcle, you need to verify the email address you used during registration. Go to your Sporcle Settings to finish the process.

Report this User

Report this user for behavior that violates our Community Guidelines.

Details: